Museo Memoria y Tolerancia : Arditti + RDT Arquitectos /

Bibliographic Details
Main Author: Ollé-Laprune, Philippe
Corporate Author: Arditti+RDT/Architects
Other Authors: Bergdoll, Barry
Format: Book
Language:English
Spanish
Language Notes:In English and Spanish.
Published: México, D.F. : Arquine, 2011.
Edition:1st ed.
Subjects:

MARC

Tag First Indicator Second Indicator Subfields
LEADER 00000cam a2200000Ia 4500
001 in00002771007
005 20150922105702.0
008 120127s2011 mx ae 000 0 eng d
020 |a 9786077784142 
020 |a 6077784141 
035 |a (OCoLC)ocn774043199 
040 |a H7K  |c H7K  |d YDX  |d IXA  |d UtOrBLW 
041 1 |a eng  |a spa 
043 |a n-mx--- 
049 |a TXAM 
050 4 |a NA6700.M4  |b O45 2011 
100 1 |a Ollé-Laprune, Philippe. 
245 1 0 |a Museo Memoria y Tolerancia :  |b Arditti + RDT Arquitectos /  |c texts, Philippe Ollé-Laprune, Barry Bergdoll = textos, Philippe Ollé-Laprune, Barry Bergdoll. 
246 3 1 |a Textos, Philippe Ollé-Laprune, Barry Bergdoll. 
250 |a 1st ed. 
264 1 |a México, D.F. :  |b Arquine,  |c 2011. 
300 |a 139 pages :  |b illustrations (chiefly color), plans ;  |c 29 cm. 
336 |a text  |b txt  |2 rdacontent 
337 |a unmediated  |b n  |2 rdamedia 
338 |a volume  |b nc  |2 rdacarrier 
546 |a In English and Spanish. 
504 |a Includes bibliographical references. 
505 0 |a Javier Sordo Madaleno: La arquitectura como una estrategia = Javier Sordo Madaleno: The architecture as an strategy /  |r Miquel Adrià --  |t La arquitectura de Javier Sordo Madaleno = The architecture of Javier Sordo Madaleno /  |r David Leatherbarrow --  |g Obras = Works --  |t Corporativo Office Depot = Office Depot Corporative Offices --  |t Casa Bosques de las Lomas = House in Bosques de las Lomas --  |t Casa Lomas = House in Lomas --  |t Hospital Ángeles Puebla = Angeles Puebla Hospital --  |t Iglesia y Centro Comunitario Santa Fe --  |t Santa Fe Church and Community Center --  |t Residencial Marena = Marena Residential Complex --  |t Residencial Cumbres = Cumbres Residential Complex --  |t Casa Vistahermosa = House in Vistahermosa --  |t Residencial Arbolada Lomas = Arbolada Lomas Residential Complex --  |t Centro Comercial Paseo de San Pedro = Paseo de San Pedro Shopping Center --  |t Centro Comercial Antara = Antara Shopping Center --  |t Conjunto de Usos Mixtos Andares = Andares Multi-Purpose Complex --  |t Centros de Rehabilitación Teletón (CRITS) = Teleton Children's Rehabilitation Centers (CRITS) --  |g Anexos = Annexes --  |g Ubicación de proyectos = Location of Projects --  |g Créditos de la obra = Credits of work --  |g Obra en proceso = Works in progress --  |g Obra Reunida = Collected Works --  |t Javier Sordo Madaleno Bringas. 
610 1 0 |a Museo Memoria y Tolerancia (Mexico City, Mexico) 
610 2 0 |a Arditti+RDT/Architects. 
650 0 |a Museum architecture  |z Mexico  |y 21st century. 
700 1 |a Bergdoll, Barry. 
710 2 |a Arditti+RDT/Architects. 
945 |a PromptCat  |b 976358 
946 |a stk 
947 |a A14835985460 
948 |a cataloged  |b h  |c 2012/8/16  |d c  |e dmitchel  |f 3:44:28 pm 
994 |a 92  |b TXA 
999 |a MARS 
999 f f |s 58069ff7-db92-3cd8-8c40-0768d9d2ca6a  |i f89948a3-be87-3b70-b638-1b4e8bbdc610  |t 0 
952 f f |p ric  |a Texas A&M University  |b Rellis Campus  |c Joint Library Facility  |d Remote Storage  |t 0  |e NA6700.M4 O45 2011  |h Library of Congress classification  |i unmediated -- volume  |m A14835985460 
998 f f |a NA6700.M4 O45 2011  |t 0  |l Remote Storage